Fuga in soffitta /

Kaydedildi:
Detaylı Bibliyografya
Yazar: Pierré, Coline (Yazar)
Diğer Yazarlar: Turla, Claudine (Çevirmen)
Materyal Türü: Kitap
Dil:İtalyanca
Baskı/Yayın Bilgisi: Torino : EDT, 2019
Seri Bilgileri:Giralangolo
Etiketler: Etiketle
Etiket eklenmemiş, İlk siz ekleyin!

MARC

LEADER 00000nam a22000007i 4500
001 IT\ICCU\VIA\0384213
003 ItRI
005 20260115232117.0
008 191007s2019 it |||||| |||||1|||||c
020 |a 9788859257035 
020 |a 9788859281320 (Rist. 2022) 
040 |b ita  |c importazione bologna sebina 
041 7 |a ita  |2 ISO-639-2 
082 |a 843.92  |9 NARRATIVA FRANCESE, 2000-  |2 23 
100 1 |a Pierré, Coline  |0 IT\ICCU\UBOV\452174  |4 aut 
240 1 0 |a Ma fugue chez moi  |3 IT\ICCU\VIA\0384214  |9 Pierré, Coline 
245 1 0 |a Fuga in soffitta /  |c Coline Pierré ; traduzione dal francese di Claudine Turla. 
260 |a Torino :  |b EDT,  |c 2019 
300 |a 121 p. ;  |c 21 cm. 
700 1 |a Turla, Claudine  |0 IT\ICCU\MODV\662749  |4 trl 
830 0 |a Giralangolo  |0 IT\ICCU\UBO\3223501 
942 |2 ddc  |c BK  |n 0 
952 |0 0  |1 0  |4 0  |6 R_843_920000000000000_PIE  |7 0  |9 20229  |a BO  |b BO  |d 2026-01-15  |i 19310  |l 0  |o R 843.92 PIE  |p BO19310  |r 2026-01-15 23:21:17  |w 2026-01-15  |x [Sebina 5] [1 v.]  |y BK  |z 1 v. 
999 |c 17257  |d 17257